De Gaulle : a political biography /

Bibliographic Details
Main Author: Werth, Alexander, 1901-1969
Format: Book
Language:English
Published: New York : Simon and Schuster, [1966]
Subjects:

MARC

Tag First Indicator Second Indicator Subfields
LEADER 00000cam a22000001a 4500
001 in00000097067
005 20150924084942.0
008 711020s1966 nyu b 00110bengm
010 |a  66021828  
035 |a (OCoLC)00712127 
035 |9 AAK8939AM 
040 |a DLC  |c DLC  |d m.c.  |d TXA  |d UtOrBLW 
043 |a e-fr--- 
049 |a TXAM  |c [1562041] 
050 0 0 |a DC373 G3  |b  W4 
082 0 |a 944.080924 
100 1 |a Werth, Alexander,  |d 1901-1969. 
245 1 0 |a De Gaulle :  |b a political biography /  |c Alexander Werth. 
264 1 |a New York :  |b Simon and Schuster,  |c [1966] 
264 4 |c ©1966 
300 |a 416 pages ;  |c 23 cm. 
336 |a text  |b txt  |2 rdacontent 
337 |a unmediated  |b n  |2 rdamedia 
338 |a volume  |b nc  |2 rdacarrier 
504 |a Includes bibliographical references and index. 
600 1 0 |a Gaulle, Charles de,  |d 1890-1970. 
651 0 |a France  |x Politics and government  |y 20th century. 
999 |a MARS 
999 f f |s be7515e0-9c39-32f5-a288-0441b7c634af  |i 0b8507cf-4dde-33f9-9364-74b5b08f6982  |t 0 
952 f f |p ric  |a Texas A&M University  |b Rellis Campus  |c Joint Library Facility  |d Remote Storage  |t 0  |e DC373 G3 W4  |h Library of Congress classification  |i unmediated -- volume  |m A14806040974 
998 f f |a DC373 G3 W4  |t 0  |l Remote Storage